[Event "PohÃ¡r mÄ›sta Å˜Ã­Ä�any 2020"]
[Site "MÄ›stskÃ© kulturnÃ­ stÅ™edisko U labutÄ›"]
[Date "2020.08.29"]
[Round "9.1"]
[White "Petr, Jakub"]
[Black "Zvolensky, David"]
[Result "1/2-1/2"]
[WhiteElo "2236"]
[BlackElo "2048"]
[PlyCount "0"]
[EventDate "2020.08.22"]

1. d4 Nf6 2. Nf3 e6 3. c4 d5 4. g3 Be7 5. Bg2 O-O 6. O-O dxc4 7. Qc2 a6 8. Qxc4
b5 9. Qc2 Bb7 10. Bd2 Be4 11. Qc1 c6 1/2-1/2

[Event "PohÃ¡r mÄ›sta Å˜Ã­Ä�any 2020"]
[Site "MÄ›stskÃ© kulturnÃ­ stÅ™edisko U labutÄ›"]
[Date "2020.08.29"]
[Round "9.2"]
[White "Elias, Jakub"]
[Black "Plischki, Sebastian"]
[Result "0-1"]
[WhiteElo "1937"]
[BlackElo "2356"]
[PlyCount "0"]
[EventDate "2020.08.22"]

1. e4 c5 2. Nf3 d6 3. d4 cxd4 4. Nxd4 Nf6 5. Nc3 a6 6. Bg5 e6 7. f4 Be7 8. Qf3
Qc7 9. O-O-O Nbd7 10. g4 Rb8 11. Bxf6 Bxf6 12. g5 Bxd4 13. Rxd4 b5 14. a3 Qc5
15. Qd1 Rb6 16. Bh3 g6 17. Rf1 h6 18. gxh6 Rxh6 19. Rf3 Qh5 20. Qf1 Rc6 21. Rg3
Ke7 22. Qd3 Qc5 23. Qe3 Rh5 24. Kb1 Rc7 25. Qd2 Nb6 26. Bf1 Rxh2 27. Qxh2 Qxd4
28. Rd3 Qc5 29. Qh4+ Kd7 30. Qf6 Kc6 31. e5 d5 32. Rd1 Kb7 33. Bd3 Ka7 34. Rh1
b4 35. axb4 Qxb4 36. Kc1 Bb7 37. Rh7 d4 38. Nd1 Nc4 39. Bxc4 Qxc4 40. c3 Qe2
41. Qd8 d3 42. Qd4+ Ka8 43. Rh8+ Rc8 44. Rxc8+ Bxc8 45. Qf2 Bb7 0-1

[Event "PohÃ¡r mÄ›sta Å˜Ã­Ä�any 2020"]
[Site "MÄ›stskÃ© kulturnÃ­ stÅ™edisko U labutÄ›"]
[Date "2020.08.29"]
[Round "9.3"]
[White "Vojta, Tomas"]
[Black "Rut, Vojtech"]
[Result "1-0"]
[WhiteElo "2328"]
[BlackElo "2043"]
[PlyCount "0"]
[EventDate "2020.08.22"]

1. d4 e6 2. e4 d5 3. e5 Qd7 4. Nf3 b6 5. b3 Ba6 6. Bxa6 Nxa6 7. Qe2 Nb8 8. O-O
Ne7 9. c4 Nbc6 10. Bb2 Nd8 11. Nc3 c6 12. a4 a6 13. a5 b5 14. Ba3 Ng6 15. Bxf8
Nxf8 16. Rfc1 Ng6 17. cxb5 cxb5 18. Na2 Ne7 19. Nb4 Ndc6 20. Nd3 Nf5 21. Nc5 Qe7
22. Nxa6 Ncxd4 23. Nxd4 Nxd4 24. Qd2 O-O 25. Nc7 Qh4 26. Nxa8 Rxa8 27. a6 g6
28. Kf1 Nf5 29. a7 Kg7 30. Qc3 Qf4 31. Kg1 Nd4 32. Re1 b4 33. Qd3 h5 34. h3 g5
35. Rad1 1-0

[Event "PohÃ¡r mÄ›sta Å˜Ã­Ä�any 2020"]
[Site "MÄ›stskÃ© kulturnÃ­ stÅ™edisko U labutÄ›"]
[Date "2020.08.29"]
[Round "9.4"]
[White "Horak, Jan"]
[Black "Skypala, Ondrej"]
[Result "1/2-1/2"]
[WhiteElo "2029"]
[BlackElo "2129"]
[PlyCount "0"]
[EventDate "2020.08.22"]

1. d4 Nf6 2. g3 e6 3. c4 d5 4. Nf3 Nbd7 5. Bg2 Be7 6. O-O O-O 7. Qc2 Re8 8. Nc3
c6 9. b3 a6 10. a4 Qc7 11. Bf4 Bd6 12. Bxd6 Qxd6 13. e4 dxe4 14. Nxe4 Nxe4
15. Qxe4 Nf6 16. Qe5 Qb4 17. Qe2 Bd7 18. Ne5 Rad8 19. Rfd1 Bc8 20. Rab1 Rd6
21. Nd3 1/2-1/2

[Event "PohÃ¡r mÄ›sta Å˜Ã­Ä�any 2020"]
[Site "MÄ›stskÃ© kulturnÃ­ stÅ™edisko U labutÄ›"]
[Date "2020.08.29"]
[Round "9.5"]
[White "Kupsa, Matej"]
[Black "Svoboda, Jaromir"]
[Result "1-0"]
[WhiteElo "2079"]
[BlackElo "1977"]
[PlyCount "0"]
[EventDate "2020.08.22"]

1. d4 d5 2. f4 Nf6 3. Nf3 c5 4. e3 Nc6 5. c3 c4 6. b3 b5 7. a4 Na5 8. Nbd2 Ba6
9. axb5 Bxb5 10. bxc4 Nxc4 11. Nxc4 dxc4 12. Ne5 Qc8 13. Ba3 e6 14. Bxf8 Kxf8
15. Be2 a6 16. O-O g6 17. Bf3 Ra7 18. g4 Nd5 19. Bxd5 exd5 20. f5 gxf5 21. Rxf5
Rg8 22. Qf3 Be8 23. Rf1 Qb7 24. Qf4 Rg7 25. Qh6 Kg8 26. Rg5 Rxg5 27. Qxg5+ Kf8
28. Qh6+ Ke7 29. Qh4+ Kf8 30. Qxh7 1-0

[Event "PohÃ¡r mÄ›sta Å˜Ã­Ä�any 2020"]
[Site "MÄ›stskÃ© kulturnÃ­ stÅ™edisko U labutÄ›"]
[Date "2020.08.29"]
[Round "9.6"]
[White "Stanek, Ondrej"]
[Black "Koper, Stefan"]
[Result "*"]
[WhiteElo "2074"]
[BlackElo "1871"]
[PlyCount "0"]
[EventDate "2020.08.22"]

1. e4 g6 2. d4 Bg7 3. Nc3 d6 4. f4 c5 5. d5 a6 6. a4 Nf6 7. Nf3 Bg4 8. h3 Bxf3
9. Qxf3 O-O 10. Bd3 e6 11. dxe6 fxe6 12. Bc4 Re8 13. e5 dxe5 14. Qxb7 Nbd7
15. O-O Rb8 16. Qxa6 Nb6 17. Rd1 Nfd5 18. a5 Nxc4 19. Qxc4 exf4 20. Nxd5 Bd4+
21. Rxd4 cxd4 22. Nc7 Qd6 23. Nxe8 Rxe8 24. Ra3 Kg7 25. a6 Re7 26. a7 f3
27. a8=Q f2+ 28. Kxf2 Rf7+ 29. Rf3 *

[Event "PohÃ¡r mÄ›sta Å˜Ã­Ä�any 2020"]
[Site "MÄ›stskÃ© kulturnÃ­ stÅ™edisko U labutÄ›"]
[Date "2020.08.29"]
[Round "9.8"]
[White "Hrdina, Robin"]
[Black "Strnad, Michael"]
[Result "1-0"]
[WhiteElo "2243"]
[BlackElo "1813"]
[PlyCount "0"]
[EventDate "2020.08.22"]

1. e4 c5 2. c3 g6 3. d4 cxd4 4. cxd4 d5 5. exd5 Nf6 6. Nc3 Bg7 7. Bc4 O-O
8. Nf3 Nbd7 9. O-O Nb6 10. Bb3 Nbxd5 11. Ne5 Bf5 12. Qf3 Nxc3 13. bxc3 Be4
14. Qe2 Re8 15. Bg5 Bf5 16. Rac1 h6 17. Bxf6 Bxf6 18. g4 Bxe5 19. gxf5 Bf4
20. fxg6 e6 21. gxf7+ Kh8 22. Bxe6 Qh4 23. f3 Qg5+ 24. Kh1 Bxc1 25. Bc8 Raxc8
26. Qxe8+ 1-0

[Event "PohÃ¡r mÄ›sta Å˜Ã­Ä�any 2020"]
[Site "MÄ›stskÃ© kulturnÃ­ stÅ™edisko U labutÄ›"]
[Date "2020.08.29"]
[Round "9.9"]
[White "Salac, Jiri"]
[Black "Otruba, Marek"]
[Result "1-0"]
[WhiteElo "1914"]
[BlackElo "2079"]
[PlyCount "0"]
[EventDate "2020.08.22"]

1. d4 d5 2. Bf4 c5 3. e3 cxd4 4. exd4 Nc6 5. c3 Bf5 6. Nf3 e6 7. Nbd2 f6 8. Nh4
h5 9. Nxf5 exf5 10. h3 g5 11. Bh2 Nge7 12. Bd3 Qd7 13. Qe2 Rc8 14. Nb3 b6 15. a4
Kf7 16. O-O f4 17. a5 Nf5 18. axb6 axb6 19. Rfe1 Nh4 20. Nd2 Bd6 21. f3 Rhg8
22. Qf2 Ne7 23. Kh1 Nef5 24. Nf1 Rg7 25. Qc2 Be7 26. Ra6 Qd6 27. Ra7 Rcg8
28. Qd2 Kg6 29. g4 Nxf3 30. Bxf5+ Kh6 31. Re6 Qd8 32. Qe2 1-0

[Event "PohÃ¡r mÄ›sta Å˜Ã­Ä�any 2020"]
[Site "MÄ›stskÃ© kulturnÃ­ stÅ™edisko U labutÄ›"]
[Date "2020.08.29"]
[Round "9.10"]
[White "Pecka, Jan"]
[Black "Petras, Milan"]
[Result "0-1"]
[WhiteElo "1610"]
[BlackElo "1996"]
[PlyCount "0"]
[EventDate "2020.08.22"]

1. b3 d6 2. Bb2 Nd7 3. e3 Ngf6 4. f4 e5 5. fxe5 dxe5 6. Bc4 e4 7. Nh3 Bd6
8. Nc3 Ne5 9. Nf2 Nxc4 10. bxc4 Qe7 11. Nd5 Nxd5 12. cxd5 O-O 13. Qh5 g6 14. Qe2
Be5 15. Qb5 Bd7 16. Qb3 Rfe8 17. O-O b6 18. Rae1 a5 19. Ba3 Bd6 20. Bxd6 Qxd6
21. d4 a4 22. Qc4 Ra5 23. Rb1 Rxd5 24. Qe2 Ra5 25. Ng4 Bxg4 26. Qxg4 Qe6 27. Qf4
Re7 28. Qh4 Rh5 29. Qf6 Ra5 30. Qh4 Kg7 31. g4 h6 32. Rbd1 Rg5 33. h3 Qxa2
34. d5 Qa3 35. d6 cxd6 36. Qf2 f5 37. Qf4 Qc5 38. Rxd6 Qe5 39. Rd7 Qe6 40. Rd6
Qe5 41. Rd7 Qe6 42. Rd6 Qf7 43. Rxb6 a3 44. Ra6 a2 45. Qd6 Rd7 46. Qe5+ Kh7
47. Ra8 Qg7 48. Qxg7+ Kxg7 49. Rf4 Rd1+ 50. Rf1 Rxf1+ 51. Kxf1 fxg4 52. hxg4
Rxg4 53. Rxa2 Rh4 54. Kg2 Rg4+ 55. Kf2 Kf6 56. Ra5 Ke6 57. c4 Kd6 58. Rd5+ Kc6
59. Re5 h5 60. Ra5 h4 61. Rb5 h3 62. Rb8 g5 63. Rb1 Rg2+ 64. Kf1 Rc2 65. Kg1 g4
66. Kh1 Kc5 67. Rb5+ Kxc4 68. Rg5 Kd3 69. Rxg4 Re2 0-1

[Event "PohÃ¡r mÄ›sta Å˜Ã­Ä�any 2020"]
[Site "MÄ›stskÃ© kulturnÃ­ stÅ™edisko U labutÄ›"]
[Date "2020.08.29"]
[Round "9.11"]
[White "Ocelak, Jakub"]
[Black "Lhotsky, Frantisek"]
[Result "1/2-1/2"]
[WhiteElo "1949"]
[BlackElo "1975"]
[PlyCount "0"]
[EventDate "2020.08.22"]

1. b3 d5 2. Bb2 Bg4 3. f3 Bf5 4. e3 Nd7 5. f4 e6 6. Nf3 Ngf6 7. Be2 h6 8. d3
Be7 9. Ne5 O-O 10. O-O Nxe5 11. fxe5 Nd7 12. Bg4 Bg6 13. Qf3 c5 14. Qg3 Bh4
15. Qh3 Bg5 16. Nd2 d4 17. Nf3 Bxe3+ 18. Kh1 Qc7 19. Qg3 Rae8 20. Rae1 Bf5
21. Nh4 Bxg4 22. Qxg4 Qxe5 23. Nf3 Qf5 24. Qg3 Qf4 25. Qh3 Qd6 26. Re2 f5
27. Rfe1 f4 28. c3 Ne5 29. cxd4 cxd4 30. Ba3 Qxa3 31. Nxe5 Qd6 32. Qh5 Rc8
33. Ng4 Rf5 34. Nxh6+ 1/2-1/2

[Event "PohÃ¡r mÄ›sta Å˜Ã­Ä�any 2020"]
[Site "MÄ›stskÃ© kulturnÃ­ stÅ™edisko U labutÄ›"]
[Date "2020.08.29"]
[Round "9.12"]
[White "Cermak, Jan"]
[Black "Kopecky, Jiri"]
[Result "1/2-1/2"]
[WhiteElo "1971"]
[BlackElo "1921"]
[PlyCount "0"]
[EventDate "2020.08.22"]

1. e4 c5 2. Nf3 Nc6 3. Bb5 d6 4. Bxc6+ bxc6 5. O-O e5 6. c3 Nf6 7. Re1 Be7
8. d4 cxd4 9. cxd4 exd4 10. Qxd4 O-O 11. Nc3 Qb6 1/2-1/2

[Event "PohÃ¡r mÄ›sta Å˜Ã­Ä�any 2020"]
[Site "MÄ›stskÃ© kulturnÃ­ stÅ™edisko U labutÄ›"]
[Date "2020.08.29"]
[Round "9.13"]
[White "Skala, Jaromir"]
[Black "Hejsek, Lukas"]
[Result "1/2-1/2"]
[WhiteElo "1891"]
[BlackElo "1991"]
[PlyCount "0"]
[EventDate "2020.08.22"]

1. d4 Nf6 2. c4 c5 3. d5 b5 4. Qc2 e6 5. e4 exd5 6. exd5 Be7 7. a4 bxc4 8. Bxc4
O-O 9. Ne2 d6 10. O-O Nbd7 11. a5 Ne5 12. b3 Bg4 13. f3 Bh5 14. Nf4 Nxc4
15. bxc4 Rb8 16. Nc3 Bg6 17. Nxg6 1/2-1/2

[Event "PohÃ¡r mÄ›sta Å˜Ã­Ä�any 2020"]
[Site "MÄ›stskÃ© kulturnÃ­ stÅ™edisko U labutÄ›"]
[Date "2020.08.29"]
[Round "9.14"]
[White "Bartos, Vaclav"]
[Black "Steiner, Juraj"]
[Result "0-1"]
[WhiteElo "1976"]
[BlackElo "1953"]
[PlyCount "0"]
[EventDate "2020.08.22"]

1. d4 Nf6 2. c4 e6 3. Nf3 b6 4. g3 Ba6 5. Nbd2 d5 6. cxd5 Nxd5 7. Bg2 Nd7
8. O-O Be7 9. Ne5 Nxe5 10. Qa4+ Qd7 11. Qxa6 Nc6 12. a3 Nxd4 13. Qd3 c5 14. Nc4
Rd8 15. b4 Bf6 16. e4 Nb3 17. Kh1 Nc3 18. Qxd7+ Kxd7 19. bxc5 bxc5 20. e5 Be7
21. Bb7 Nb5 22. Rb1 Rb8 23. Rd1+ N5d4 24. Nd2 Nxd2 25. Rxd2 Kc7 {zøejmì
vynechaný tah støelcem} 0-1

[Event "PohÃ¡r mÄ›sta Å˜Ã­Ä�any 2020"]
[Site "MÄ›stskÃ© kulturnÃ­ stÅ™edisko U labutÄ›"]
[Date "2020.08.29"]
[Round "9.15"]
[White "Pavlicek, Petr"]
[Black "Plasek, Zdenek"]
[Result "1/2-1/2"]
[WhiteElo "1860"]
[BlackElo "1967"]
[PlyCount "0"]
[EventDate "2020.08.22"]

1. c4 e6 2. Nf3 Nf6 3. d4 d5 4. g3 dxc4 5. Qa4+ Nbd7 6. Qxc4 a6 7. Bg2 b5
8. Qc2 Bb7 9. O-O c5 10. dxc5 Bxc5 11. Nc3 O-O 12. Bf4 Rc8 13. Qd3 Qe7 14. Be3
Rfd8 15. Bxc5 Nxc5 16. Qe3 b4 17. Nd1 Nd5 18. Qg5 f6 19. Qg4 a5 20. e4 Nb6
21. e5 Nd3 22. exf6 Qxf6 23. Qh4 Rc4 24. Qxf6 gxf6 25. Ne3 Bxf3 26. Bxf3 Rcd4
27. b3 Kg7 28. Bg4 Kf7 29. Bh5+ Ke7 30. Be2 Nb2 31. Rfe1 Nd5 32. Nc4 Nxc4
33. Bxc4 Rd6 34. a3 Nb6 35. Be2 Rd2 36. axb4 axb4 37. Ra7+ Rd7 38. Rxd7+ Kxd7
39. Rd1 Rxd1+ 40. Bxd1 Kd6 41. Kf1 Nd7 42. Ke2 Kd5 43. Ke3 Nc5 44. f3 Ke5
45. Bc2 h6 46. h3 Kd5 47. g4 e5 48. h4 Ne6 49. Bd1 Kd6 50. Bc2 Nd4 51. Bd1 Kc5
52. f4 Ne6 53. fxe5 {Neèitelnì zapsáno} 1/2-1/2

[Event "PohÃ¡r mÄ›sta Å˜Ã­Ä�any 2020"]
[Site "MÄ›stskÃ© kulturnÃ­ stÅ™edisko U labutÄ›"]
[Date "2020.08.29"]
[Round "9.16"]
[White "Voracek, Zdenek"]
[Black "Svetly, Jiri"]
[Result "1-0"]
[WhiteElo "1903"]
[BlackElo "1835"]
[PlyCount "0"]
[EventDate "2020.08.22"]

1. d4 Nf6 2. c4 g6 3. Nc3 Bg7 4. e4 d6 5. f3 O-O 6. Be3 c5 7. Nge2 cxd4 8. Nxd4
Nc6 9. Qd2 Nd7 10. Be2 Qa5 11. O-O Nb6 12. Rad1 Be6 13. b3 Nd7 14. f4 Nc5 15. f5
Bd7 16. Bf3 Rad8 17. Nd5 Qxd2 18. Rxd2 Bxd4 19. Bxd4 gxf5 20. Nxe7+ Nxe7
21. Bxc5 dxc5 22. Rfd1 Bc6 23. Rxd8 fxe4 24. Rxf8+ Kxf8 25. Rd8+ Kg7 26. Be2 Nf5
27. Bd1 Nd4 28. Kf2 f5 29. g3 Ne6 30. Rc8 Kf6 31. a3 Ke5 32. Ke3 f4+ 33. gxf4+
Nxf4 34. Rc7 Ng2+ 35. Ke2 Nf4+ 36. Kd2 Kd4 37. Rxh7 e3+ 38. Ke1 Kd3 39. Rh6 Kc3
40. Rf6 Ng2+ 41. Kf1 Kd2 42. Be2 Kc3 43. Rxc6 bxc6 44. Kxg2 Kxb3 45. h4 1-0

[Event "PohÃ¡r mÄ›sta Å˜Ã­Ä�any 2020"]
[Site "MÄ›stskÃ© kulturnÃ­ stÅ™edisko U labutÄ›"]
[Date "2020.08.29"]
[Round "9.17"]
[White "Neuhoff, Laertes"]
[Black "Hadrava, Jaroslav"]
[Result "0-1"]
[WhiteElo "1700"]
[BlackElo "1883"]
[PlyCount "0"]
[EventDate "2020.08.22"]

1. e4 e5 2. Nf3 Nc6 3. d4 exd4 4. Bc4 Nf6 5. e5 d5 6. Bb5 Ne4 7. Nxd4 Bd7
8. Bxc6 bxc6 9. O-O c5 10. Nb3 Bb5 11. Re1 Be7 12. f3 Ng5 13. Nc3 c6 14. Bxg5
Bxg5 15. Nxc5 Qb6 16. Qd4 Be7 17. Nb3 c5 18. Qf2 Bc6 19. e6 f5 20. Rad1 d4
21. Ne2 Rd8 22. c3 d3 23. Nf4 c4 24. Qxb6 axb6 25. Nd4 Bc5 26. e7 Bxd4+ 27. cxd4
Rxd4 28. Ne6 Rd6 29. Nxg7+ Kf7 30. Nxf5 Re6 31. Rxe6 Kxe6 32. Nd4+ Kd5 33. Nxc6
Kxc6 34. Rc1 Kd5 35. b3 b5 36. Kf1 Kd4 37. Ke1 c3 38. Rd1 Re8 39. Kf2 Rxe7
40. f4 Re2+ 41. Kf3 Rxa2 42. f5 c2 43. Rc1 d2 44. Rf1 d1=Q+ 45. Rxd1+ cxd1=Q+
46. Kg3 Qd3+ 47. Kg4 Rxg2+ 48. Kh5 Qh3# 0-1

[Event "PohÃ¡r mÄ›sta Å˜Ã­Ä�any 2020"]
[Site "MÄ›stskÃ© kulturnÃ­ stÅ™edisko U labutÄ›"]
[Date "2020.08.29"]
[Round "9.18"]
[White "Lhotska, Anna"]
[Black "Kubice, Jakub"]
[Result "1-0"]
[WhiteElo "1793"]
[BlackElo "1724"]
[PlyCount "0"]
[EventDate "2020.08.22"]

1. e4 e5 2. Nf3 Nf6 3. Nxe5 d6 4. Nf3 Nxe4 5. Nc3 Nxc3 6. dxc3 Nc6 7. Be3 Be7
8. Qd2 Bf6 9. O-O-O Bg4 10. Bd3 Bxf3 11. gxf3 Qd7 12. Be4 O-O-O 13. Qd5 a6
14. Bf5 1-0

[Event "PohÃ¡r mÄ›sta Å˜Ã­Ä�any 2020"]
[Site "MÄ›stskÃ© kulturnÃ­ stÅ™edisko U labutÄ›"]
[Date "2020.08.29"]
[Round "9.19"]
[White "Popovsky, Ondrej"]
[Black "Lhotsky, Zdenek"]
[Result "1-0"]
[WhiteElo "1766"]
[BlackElo "1831"]
[PlyCount "0"]
[EventDate "2020.08.22"]

1. d4 Nf6 2. Nf3 c5 3. e3 g6 4. Bd3 Bg7 5. c3 cxd4 6. exd4 O-O 7. Bg5 d6
8. Nbd2 Nbd7 9. h4 h5 10. Qb3 Qb6 11. O-O Qxb3 12. axb3 Nb6 13. Rfe1 e6 14. Bf4
Rd8 15. Ne4 Nxe4 16. Bxe4 f5 17. Bc2 Nd5 18. Bh2 b5 19. b4 Kf7 20. Bb3 Nc7
21. c4 Bh8 22. c5 Nd5 23. Ng5+ Kf6 {vynechaný tah} 1-0

[Event "PohÃ¡r mÄ›sta Å˜Ã­Ä�any 2020"]
[Site "MÄ›stskÃ© kulturnÃ­ stÅ™edisko U labutÄ›"]
[Date "2020.08.29"]
[Round "9.20"]
[White "Holub, Adam"]
[Black "Vavrinec, Tomas"]
[Result "1-0"]
[WhiteElo "1746"]
[BlackElo "1927"]
[PlyCount "0"]
[EventDate "2020.08.22"]

1. c4 c5 2. Nc3 Nc6 3. g3 g6 4. Bg2 Bg7 5. d3 Nf6 6. e4 O-O 7. Nge2 a6 8. O-O
Rb8 9. Be3 d6 10. Rb1 b5 11. b3 b4 12. Nd5 Ng4 13. Bc1 e6 14. Ne3 Nf6 15. f4 Qb6
16. g4 Nd4 17. f5 exf5 18. gxf5 Bb7 19. Nxd4 cxd4 20. Ng4 Nxg4 21. Qxg4 Bc8
22. Qf4 f6 23. fxg6 hxg6 24. Qg3 g5 25. Bh3 Qa5 26. Bxc8 Rbxc8 27. Rb2 Qe5
28. Qh3 Rc5 29. Rf5 Qe8 30. Rbf2 Kf7 31. Qh5+ Ke6 32. Qxe8+ Rxe8 33. Bb2 Rb8
34. Kg2 Rxf5 35. Bxd4 {zøejmì chybí tah} 1-0

[Event "PohÃ¡r mÄ›sta Å˜Ã­Ä�any 2020"]
[Site "MÄ›stskÃ© kulturnÃ­ stÅ™edisko U labutÄ›"]
[Date "2020.08.29"]
[Round "9.22"]
[White "Maslo, Ondrej"]
[Black "Rucabado, Stefan"]
[Result "1/2-1/2"]
[WhiteElo "1834"]
[BlackElo "1570"]
[PlyCount "0"]
[EventDate "2020.08.22"]

1. e4 e6 2. d4 b6 3. Bd3 Bb7 4. Nf3 c5 5. O-O d5 6. exd5 Bxd5 7. Re1 Be7
8. dxc5 Bxc5 9. Bb5+ Bc6 10. Qxd8+ Kxd8 11. Ne5 Bxb5 12. Nxf7+ Ke7 13. Nxh8 Nf6
14. Nc3 Bc6 15. Bg5 Nd7 16. Ng6+ hxg6 17. Rad1 Kf7 18. a3 Ng4 19. Ne4 Ngf6
20. Nd6+ Ke7 21. Nc4 Bb5 22. Ne3 Bc6 23. b4 Bd6 24. c4 Rc8 25. Nd5+ Bxd5
26. cxd5 Nf8 27. Re3 Kf7 28. Bxf6 gxf6 29. dxe6+ Nxe6 30. g3 Rd8 31. Red3 Ke7
32. Re1 Kf7 33. Red1 Ke7 34. Kg2 Bc7 35. Rxd8 Bxd8 36. f4 Bc7 37. h4 f5 38. Re1
Kf6 39. Rd1 Ke7 40. Kf3 Bd6 41. Re1 Kf6 42. Rc1 Bc7 43. Rc6 Ke7 44. Ke3 Kd7
45. Rc2 Bd6 46. Rh2 Ng7 47. Kf3 Nh5 48. Rd2 1/2-1/2

[Event "PohÃ¡r mÄ›sta Å˜Ã­Ä�any 2020"]
[Site "MÄ›stskÃ© kulturnÃ­ stÅ™edisko U labutÄ›"]
[Date "2020.08.29"]
[Round "9.23"]
[White "Rousek, Jan"]
[Black "Chmelik, Ladislav"]
[Result "1-0"]
[WhiteElo "1665"]
[BlackElo "1774"]
[PlyCount "0"]
[EventDate "2020.08.22"]

1. d4 d5 2. Nf3 Nf6 3. g3 e6 4. Bg2 c5 5. O-O Bd6 6. dxc5 Bxc5 7. c4 O-O 8. Nc3
dxc4 9. Qxd8 Rxd8 10. Ne5 Nd5 11. Rd1 Nd7 12. Nxd5 exd5 13. Rxd5 c3 14. Bh3 b6
15. bxc3 a5 16. Bxd7 f6 17. Bxc8 Rxd5 18. Be6+ Kf8 19. Bxd5 Rd8 20. Nd3 1-0

[Event "PohÃ¡r mÄ›sta Å˜Ã­Ä�any 2020"]
[Site "MÄ›stskÃ© kulturnÃ­ stÅ™edisko U labutÄ›"]
[Date "2020.08.29"]
[Round "9.24"]
[White "Kalvach, Ladislav"]
[Black "Pejrimovska, Viola Ruby"]
[Result "0-1"]
[WhiteElo "1761"]
[BlackElo "1569"]
[PlyCount "0"]
[EventDate "2020.08.22"]

1. c4 Nf6 2. Nc3 g6 3. e4 d6 4. d4 Bg7 5. h3 O-O 6. Nf3 e5 7. dxe5 dxe5 8. Be3
Qe7 9. Nd5 Nxd5 10. cxd5 b6 11. Qb3 c6 12. Rd1 cxd5 13. exd5 Qd6 14. Bc4 Bb7
15. O-O Nd7 16. Ng5 Nc5 17. Qa3 h6 18. b4 Nd7 19. Ne6 Rac8 20. Bb3 Bf6 21. Bxh6
a5 22. Qb2 a4 23. Bc2 e4 24. Qb1 fxe6 25. dxe6 Qxe6 26. Rfe1 Kh7 27. Bf4 Rh8
28. Rd6 Qf7 29. f3 Kg7 30. Red1 Rhd8 31. Bxa4 Nb8 32. Rxd8 Rxd8 33. Rxd8 Bxd8
34. Bxb8 exf3 35. Be5+ Kh7 36. g3 f2+ 37. Kf1 Qf3 38. Bc2 Qg2+ 39. Ke2 f1=Q+
40. Ke3 Qge2+ 0-1

[Event "PohÃ¡r mÄ›sta Å˜Ã­Ä�any 2020"]
[Site "MÄ›stskÃ© kulturnÃ­ stÅ™edisko U labutÄ›"]
[Date "2020.08.29"]
[Round "9.25"]
[White "Harcuba, Adam"]
[Black "Konvalinka, Vladislav"]
[Result "1/2-1/2"]
[WhiteElo "1637"]
[BlackElo "1731"]
[PlyCount "0"]
[EventDate "2020.08.22"]

1. d4 d5 2. Nf3 Nf6 3. e3 Bf5 4. c4 e6 5. Qb3 Qc8 6. Nc3 c6 7. Be2 Bd6 8. O-O
O-O 9. Bd2 Nbd7 10. Rac1 dxc4 11. Bxc4 Nb6 12. Be2 Qd8 13. h3 Qe7 14. Na4 Nxa4
15. Qxa4 Ne4 16. Bc3 Rfd8 17. Rfd1 Ng5 18. Kf1 h6 19. Nxg5 Qxg5 20. Bd3 Bxd3+
21. Rxd3 Qf5 1/2-1/2

[Event "PohÃ¡r mÄ›sta Å˜Ã­Ä�any 2020"]
[Site "MÄ›stskÃ© kulturnÃ­ stÅ™edisko U labutÄ›"]
[Date "2020.08.29"]
[Round "9.26"]
[White "Dome, Michal"]
[Black "Hozda, Max"]
[Result "1-0"]
[WhiteElo "1802"]
[BlackElo "1630"]
[PlyCount "0"]
[EventDate "2020.08.22"]

1. e4 c6 2. Nc3 d5 3. Nf3 Bg4 4. h3 Bh5 5. exd5 cxd5 6. Bb5+ Nd7 7. Nxd5 e6
8. Nf4 Bg6 9. Nxg6 hxg6 10. Ne5 Nf6 11. Qf3 Qc7 12. Bxd7+ Nxd7 13. Qxf7+ Kd8
14. Qxd7+ Qxd7 15. Nxd7 Kxd7 16. d4 Rc8 17. c3 Bd6 18. Be3 Rhf8 19. O-O-O b5
20. Kb1 a6 21. f3 1-0

[Event "PohÃ¡r mÄ›sta Å˜Ã­Ä�any 2020"]
[Site "MÄ›stskÃ© kulturnÃ­ stÅ™edisko U labutÄ›"]
[Date "2020.08.29"]
[Round "9.27"]
[White "Feierfeil, Jiri"]
[Black "Kuhnmund, Ivan"]
[Result "0-1"]
[WhiteElo "1719"]
[BlackElo "1682"]
[PlyCount "0"]
[EventDate "2020.08.22"]

1. d4 f5 2. g3 Nf6 3. c4 g6 4. Bg2 Bg7 5. Nc3 O-O 6. Nf3 e6 7. d5 d6 8. dxe6
Nc6 9. Nd5 Bxe6 10. Ng5 Bc8 11. O-O h6 12. Nxf6+ Qxf6 13. Bd5+ Kh8 14. Nh3 g5
15. f4 g4 16. Nf2 Ne7 17. Bg2 c5 18. e4 h5 19. Rb1 fxe4 20. Bxe4 Be6 21. b3 d5
22. cxd5 Bxd5 23. Bb2 Qf7 24. Bxg7+ Qxg7 25. Qc2 Bxe4 26. Nxe4 Nf5 27. Qxc5 Qd4+
28. Qxd4+ Nxd4 29. Rbd1 Nf3+ 30. Kg2 Rae8 31. Rxf3 gxf3+ 32. Kxf3 Rd8 33. Rd6
Kg7 34. h3 Rfe8 35. g4 Rxd6 36. Nxd6 Rd8 37. Nf5+ Kf6 38. Ke2 Rg8 39. Ne3 hxg4
40. hxg4 Rh8 41. Kd3 Rd8+ 42. Kc3 Rd5 43. a4 Rd4 44. b4 b6 0-1

[Event "PohÃ¡r mÄ›sta Å˜Ã­Ä�any 2020"]
[Site "MÄ›stskÃ© kulturnÃ­ stÅ™edisko U labutÄ›"]
[Date "2020.08.29"]
[Round "9.28"]
[White "Studzinski, Boleslav"]
[Black "Kacirek, Pavel"]
[Result "1-0"]
[WhiteElo "1678"]
[BlackElo "1778"]
[PlyCount "0"]
[EventDate "2020.08.22"]

1. e4 e6 2. Qe2 Ne7 3. Nf3 d5 4. exd5 exd5 5. g3 g6 6. Bg2 Bg7 7. d4 O-O 8. O-O
Bg4 9. Qb5 b6 10. c3 c6 11. Qe2 Re8 12. Re1 Nd7 13. Bf4 c5 14. Qe3 Nf5 15. Qc1
Rxe1+ 16. Qxe1 cxd4 17. Nxd4 Nxd4 18. cxd4 Bxd4 19. Qd2 Qf6 20. Nc3 Bxc3
21. bxc3 Rc8 22. Rc1 d4 23. c4 Nc5 24. Re1 Rd8 25. Be5 Qe7 26. Qh6 Qf8 27. Qh4
Nd3 28. Bf6 Nxe1 29. Bxd8 Bf3 30. Be7 Qe8 31. Bh3 d3 32. Bb4 Nc2 33. Bc3 h5
34. Qf6 Qe1+ 35. Bf1 1-0